Limiti ai poteri del datore di lavoro

Bibliographic Details
Main Author: Belsito, Antonio
Format: eBook
Language:Italian
Published: Bari : Cacucci Editore, 2006
Subjects:
Online Access:http://www.vlex.com/source/7262

MARC

LEADER 00000nam a22000007a 4500
005 20130226150738.0
007 cr|||| ||||
008 130226e2006 it |||||s|||| 00||0 ita d
020 |a 8884225140 
035 |a 7262 
040 |a vLex 
090 |c 3765  |d 3765 
100 1 0 |a Belsito, Antonio  
245 1 0 |a Limiti ai poteri del datore di lavoro  |h [Recurso electrn̤ico] 
256 |a Servicio en ln̕ea 
260 |a Bari :  |b Cacucci Editore,   |c 2006  
300 |a 1 Recurso electrn̤ico 
650 0 4 |a Derecho laboral  |z Italia 
740 |a vLex Libros (Servicio en ln̕ea) 
856 |a Acceso restringido  |u http://www.vlex.com/source/7262 
942 |c BOOK 
999 0 |a Labor laws and legislation